Finger Test Quiz Stats

 Plays Quiz not verified by Sporcle

Challenge
Share
Tweet
Embed
Score 0/20 Timer 12:00
0 Plays Today
Type This Quickly Here % Correct
df???
81.6%
fd???
76.6%
v8???
75.2%
7n???
67.3%
lkj???
36.7%
9*???
36.4%
jkl???
36.1%
asdf???
26.3%
jlk???
23%
jdf???
20.2%
Type This Quickly Here % Correct
point???
19.2%
kyrgyzstan???
17.9%
poihg???
17%
b7801???
16.9%
sporcle???
16.6%
eleven???
16.2%
awdthi???
14.7%
jkjkjkjk???
14.1%
ee???
13.5%
lol???
12.3%

You're not logged in!

Compare scores with friends on all Sporcle quizzes.
Join for Free
OR
Log In

You Might Also Like...

Show Comments

Extras

Top Quizzes Today


Score Distribution

Your Account Isn't Verified!

In order to create a playlist on Sporcle, you need to verify the email address you used during registration. Go to your Sporcle Settings to finish the process.

Report this User

Report this user for behavior that violates our Community Guidelines.

Details: